El hormigón armado en la construcción arquitectónica

Saved in:
Bibliografiske detaljer
Hovedforfatter: Pellicer Davina, Domingo (Author)
Format: Bog
Sprog:spansk
Udgivet: Madrid Bellisco 1989
Fag:
Tags: Tilføj Tag
Ingen Tags, Vær først til at tagge denne postø!

MARC

LEADER 00000nam a2200000 a 4500
001 UCX9068
003 CL-VaPUC
008 940513e19890000SP |||||||||||||||||spa|d
082 0 4 |a 693.54  |b PEL  |2 21 
100 0 |a Pellicer Davina, Domingo  |e author  |9 326343 
245 1 3 |a El hormigón armado en la construcción arquitectónica 
300 |a 2 v 
942 |c BK 
945 |d 19940513 00:00:00  |a mfernand 
260 |a Madrid  |b Bellisco  |c 1989 
500 |a v.1: Tipologías estructurales 
500 |a v.2: Cimentación y hormigón pretensado 
650 7 |a HORMIGON ARMADO  |2 CL-VaPUC  |9 326344 
650 0 |a Hormigón pretensado   |9 326345 
650 7 |a CIMIENTOS  |2 CL-VaPUC  |9 260635 
583 |a last modification  |c 19940513 00:00:00  |k Rodrigo Vera 
999 |c 228402  |d 228400 
952 |0 0  |1 0  |4 0  |6 693_540000000000000_PEL_1989  |7 0  |8 A  |9 228412  |a BIBING  |b BIBING  |d 2019-11-15  |h v.1  |i 2971755  |o 693.54 PEL 1989  |p 2971755  |r 2025-01-20  |w 2019-11-15  |y BK  |k CCL 
952 |0 0  |1 0  |4 0  |6 693_540000000000000_PEL_1989  |7 0  |8 A  |9 228413  |a BIBING  |b BIBING  |d 2019-11-15  |h v.2  |i 2971747  |o 693.54 PEL 1989  |p 2971747  |r 2025-01-20  |w 2019-11-15  |y BK  |k CCL 
952 |0 0  |1 0  |4 0  |6 693_540000000000000_PEL_1989  |7 0  |8 A  |9 228414  |a BIBING  |b BIBING  |d 2019-11-15  |h v.1  |i 3032981  |o 693.54 PEL 1989  |p 3032981  |r 2025-01-20  |w 2019-11-15  |y BK  |k CCL 
952 |0 0  |1 0  |4 0  |6 693_540000000000000_PEL_1989  |7 0  |8 A  |9 228415  |a BIBING  |b BIBING  |d 2019-11-15  |h v.2  |i 303299K  |o 693.54 PEL 1989  |p 303299K  |r 2025-01-20  |w 2019-11-15  |y BK  |k CCL